000 00466nam a2200169Ia 4500
008 260520s2019 xx 000 0 und d
020 _a978-93-87408-19-7
041 _amar
082 _a303.4840954/MOR
100 _aमोरे, सदानंद
245 _aसमाजसुधारक
250 _a1st ed
260 _aपुणे
_bसकाळ प्रकाशन
_c2019
300 _a184p.
500 _aCat No: 14938
650 _aSOCIOLOGY
999 _c1221744
_d1221744